000 00856nam a2200229 i 4500
001 123920
003 ES-MaACL
005 20231226134358.0
007 t|
008 070214s1974 sp r ||||1| spa d
080 _a232.921(0:7)(064.3)
245 0 3 _aLa Navidad en el arte popular :
_bcolecciones Juan Ramírez de Lucas : [exposición] Galería de Exposiciones Banco de Granada, Granada, diciembre 1974-enero 1975.
260 _aGranada :
_bBanco de Granada,
_c1974.
300 _a22 h., 11 lám. col. y n. ;
_c22 cm.
600 1 4 _aRamírez de Lucas, Juan,
_d1917-2010-
_xColecciones de arte
_9173505
650 4 _aNavidad-
_xEn el arte-
_vExposiciones.
_9173556
655 7 _2tgfbne
_9193628
_aCatálogos de exposiciones
710 2 _aBanco de Granada.
_92110
852 _aES-MaACL
_j2091-F-26
942 _2udc
999 _c123920
_d123920